Madden nfl 25 anniversary cover vote candidates - Statistics

General Stats
  • This quiz has been taken 262 times
  • The average score is 12 of 64
Answer Stats
New School Player % Correct
11 Barry Sanders
79%
31 Deion Sanders
74%
31 Adrian Peterson
67%
29 Patrick Peterson
60%
17 Jerry Rice
53%
26 Chad Johnson
51%
1 Joe Montana
51%
21 Ray Rice
50%
28 Antonio Brown
40%
25 Tim Brown
40%
15 Ray Lewis
38%
27 Rob Gronkowski
34%
5 Julio Jones
32%
11 Russell Wilson
31%
3 A.J. Green
28%
7 Dan Marino
25%
18 Fred Taylor
21%
9 Marcus Allen
21%
14 LaDainian Tomlinson
20%
5 Marshall Faulk
19%
15 Andrew Luck
18%
25 Jamaal Charles
17%
17 Robert Griffin III
17%
27 Troy Aikman
16%
30 LeSean Mccoy
14%
9 Von Miller
14%
6 Jimmy Graham
13%
23 Kurt Warner
13%
30 Terrell Davis
13%
1 Colin Kaepernick
12%
26 Darrelle Revis
11%
23 Dez Bryant
11%
20 Matthew Stafford
11%
7 Arian Foster
10%
3 Curtis Martin
10%
19 Doug Martin
10%
4 Jerome Bettis
10%
8 Reggie Wayne
10%
10 Victor Cruz
8%
2 Antonio Gates
7%
32 Carson Palmer
7%
22 Luke Kuechly
7%
4 Matt Forte
7%
14 Clay Matthews
6%
29 Jim Kelly
6%
16 Derrick Brooks
5%
13 Randall Cunningham
5%
18 Ryan Tannehill
5%
22 Sterling Sharpe
5%
24 C.J. Spiller
4%
20 Eddie George
4%
21 Michael Strahan
4%
6 Clinton Portis
3%
13 Trent Richardson
3%
2 Jake Delhomme
2%
32 Cortez Kennedy
1%
16 Jake Locker
1%
19 John Randle
1%
12 Justin Blackmon
1%
24 Ozzie Newsome
1%
10 Tedy Bruschi
1%
8 Danny Amendola
0%
28 Deuce McAllister
0%
12 Ron Rivera
0%
No matching quizzes found
Score Distribution
Percent of People with Each Score
Percentile by Number Answered
Your Score History
You have not taken this quiz